000
00345 a2200157 4500
001
68157
020
_a
9781447203162
040
_c
Anchieta - Pituba
100
_a
James, Peter
240
1
0
_a
Perfect people
_l
eng
245
1
0
_a
Perfect people
300
_a
597
362
0
_a
2011
650
4
_a
Ficção norte-americana em inglês
942
_c
BK
999
_c
68157
_d
68157